000 00673nam a2200181 4500
999 _c17542
_d17542
008 221104b ||||| |||| 00| 0 eng d
020 _a9781133716259
082 _22014
_aDC 629.2
_bD643
100 _aDixon, John.
_946640
245 _aModern diesel technology :
_bheating, ventilation, air conditioning, & refrigeration /
_cJohn Dixon.
250 _a2nd edition.
260 _aAustralia :
_bDelmar Cengage Learning,
_c©2014.
300 _axviii, 316 pages :
_billustrations ;
_c28 cm.
500 _aIncludes glossary and index
650 _aDiesel trucks
_xHeating and ventilation.
_946641
650 _aDiesel trucks
_xAir conditioning.
_946642
942 _2ddc
_cDC